[Event "Blitz 2018"]
[Site "Saint-Petersburg"]
[Date "2018.12.29"]
[Round "3"]
[Board "43"]
[White "Salgado Lopez Ivan (ESP)"]
[Black "Esipenko Andrey (RUS)"]
[Result "1-0"]
[LiveChessVersion "1.4.8"]
[BlackElo "2673"]
[WhiteElo "2513"]

1. d4 {[%clk 0:03:02]} Nf6 {[%clk 0:03:03]} 2. Nf3 {[%clk 0:03:02]} e6
{[%clk 0:03:03]} 3. Bg5 {[%clk 0:03:03]} d5 {[%clk 0:03:01]} 4. c3
{[%clk 0:03:03]} Be7 {[%clk 0:03:00]} 5. e3 {[%clk 0:03:03]} O-O {[%clk 0:02:59]}
6. Nbd2 {[%clk 0:03:04]} b6 {[%clk 0:03:00]} 7. Bd3 {[%clk 0:03:01]} c5
{[%clk 0:02:59]} 8. Qe2 {[%clk 0:02:56]} Bb7 {[%clk 0:02:56]} 9. Ne5
{[%clk 0:02:49]} Nbd7 {[%clk 0:02:48]} 10. O-O {[%clk 0:02:44]} Ne4
{[%clk 0:02:33]} 11. Bxe7 {[%clk 0:02:31]} Qxe7 {[%clk 0:02:33]} 12. Nxd7
{[%clk 0:02:27]} Qxd7 {[%clk 0:02:34]} 13. Nxe4 {[%clk 0:02:24]} dxe4
{[%clk 0:02:35]} 14. Bb5 {[%clk 0:02:23]} Qe7 {[%clk 0:02:31]} 15. dxc5
{[%clk 0:02:20]} Qxc5 {[%clk 0:02:27]} 16. Rfd1 {[%clk 0:02:12]} a6
{[%clk 0:02:27]} 17. Ba4 {[%clk 0:02:07]} b5 {[%clk 0:02:27]} 18. Bb3
{[%clk 0:02:01]} a5 {[%clk 0:02:24]} 19. a3 {[%clk 0:01:54]} b4 {[%clk 0:02:12]}
20. axb4 {[%clk 0:01:44]} axb4 {[%clk 0:02:12]} 21. Rxa8 {[%clk 0:01:40]} Rxa8
{[%clk 0:02:08]} 22. cxb4 {[%clk 0:01:21]} Qxb4 {[%clk 0:02:07]} 23. Qc4
{[%clk 0:01:21]} Qe7 {[%clk 0:02:02]} 24. Qd4 {[%clk 0:01:00]} h5
{[%clk 0:01:56]} 25. Bc2 {[%clk 0:00:56]} Qh4 {[%clk 0:01:33]} 26. h3
{[%clk 0:00:45]} Bd5 {[%clk 0:01:30]} 27. b4 {[%clk 0:00:44]} Rb8
{[%clk 0:01:00]} 28. Rb1 {[%clk 0:00:43]} Rd8 {[%clk 0:00:50]} 29. Qc3
{[%clk 0:00:41]} Bb7 {[%clk 0:00:41]} 30. b5 {[%clk 0:00:37]} Rc8
{[%clk 0:00:38]} 31. Qd2 {[%clk 0:00:37]} Qe7 {[%clk 0:00:37]} 32. b6
{[%clk 0:00:32]} Qc5 {[%clk 0:00:38]} 33. Bd1 {[%clk 0:00:31]} Bd5
{[%clk 0:00:32]} 34. Bxh5 {[%clk 0:00:24]} Rb8 {[%clk 0:00:29]} 35. Qb4
{[%clk 0:00:24]} Qc2 {[%clk 0:00:12]} 36. Bd1 {[%clk 0:00:24]} Qd3
{[%clk 0:00:13]} 37. Qb2 {[%clk 0:00:13]} Bc4 {[%clk 0:00:12]} 38. Ba4
{[%clk 0:00:13]} Qd6 {[%clk 0:00:09]} 39. Qb4 {[%clk 0:00:12]} Qd5
{[%clk 0:00:08]} 40. Bc2 {[%clk 0:00:10]} Bd3 {[%clk 0:00:09]} 41. Qd2
{[%clk 0:00:05]} Qa2 {[%clk 0:00:07]} 42. Rc1 {[%clk 0:00:03]} Rxb6 43. Qc3 Rd6
{[%clk 0:00:05]} 44. Qc8+ {[%clk 0:00:03]} Kh7 {[%clk 0:00:06]} 45. Bd1
{[%clk 0:00:03]} Qd2 {[%clk 0:00:07]} 46. Qc3 {[%clk 0:00:04]} Qa2
{[%clk 0:00:06]} 47. Qe5 {[%clk 0:00:04]} Rd5 {[%clk 0:00:07]} 48. Qc3
{[%clk 0:00:04]} Rf5 {[%clk 0:00:08]} 49. Qe1 {[%clk 0:00:05]} Qb2
{[%clk 0:00:09]} 50. Bg4 {[%clk 0:00:06]} Rxf2 {[%clk 0:00:09]} 51. Qxf2
{[%clk 0:00:07]} Qxc1+ {[%clk 0:00:10]} 52. Kh2 {[%clk 0:00:08]} f5 53. Qh4+ Kg8
{[%clk 0:00:06]} 54. Qd8+ {[%clk 0:00:10]} Kh7 {[%clk 0:00:04]} 55. Qh4+
{[%clk 0:00:10]} Kg8 {[%clk 0:00:06]} 56. Qd8+ {[%clk 0:00:11]} Kf7
{[%clk 0:00:06]} 57. Bh5+ {[%clk 0:00:10]} g6 {[%clk 0:00:08]} 58. Qd7+
{[%clk 0:00:11]} Kf6 {[%clk 0:00:09]} 59. Qd8+ {[%clk 0:00:12]} Kg7 60. Qg5 Qc7+
{[%clk 0:00:00]} 61. Kh1 {[%clk 0:00:12]} Qf7 {[%clk 0:00:00]} 62. Bd1 1-0

[Event "Blitz 2018"]
[Site "Saint-Petersburg"]
[Date "2018.12.29"]
[Round "3"]
[Board "44"]
[White "Seliverstov Vladimir (RUS)"]
[Black "Amin Bassem (EGY)"]
[Result "0-1"]
[LiveChessVersion "1.4.8"]
[BlackElo "2659"]
[WhiteElo "2512"]

1. d4 {[%clk 0:03:03]} f5 {[%clk 0:02:58]} 2. Bg5 {[%clk 0:03:03]} Nf6
{[%clk 0:02:41]} 3. Bxf6 {[%clk 0:03:02]} exf6 {[%clk 0:02:42]} 4. e3
{[%clk 0:03:02]} d5 {[%clk 0:02:36]} 5. Bd3 {[%clk 0:02:53]} Be6 {[%clk 0:02:36]}
6. h4 {[%clk 0:02:46]} h5 {[%clk 0:02:36]} 7. Nh3 {[%clk 0:02:40]} g6
{[%clk 0:02:35]} 8. Nd2 {[%clk 0:02:38]} Nc6 {[%clk 0:02:28]} 9. c3
{[%clk 0:02:31]} Bd6 {[%clk 0:02:25]} 10. Qb3 {[%clk 0:02:24]} Na5
{[%clk 0:01:55]} 11. Qa4+ {[%clk 0:02:11]} c6 {[%clk 0:01:56]} 12. Qc2
{[%clk 0:01:32]} Qe7 {[%clk 0:01:43]} 13. g3 {[%clk 0:01:24]} Bf7
{[%clk 0:01:38]} 14. O-O {[%clk 0:01:01]} Nc4 {[%clk 0:01:34]} 15. Nf3
{[%clk 0:00:53]} Bc7 {[%clk 0:01:08]} 16. Bxc4 {[%clk 0:00:37]} dxc4
{[%clk 0:01:09]} 17. b3 {[%clk 0:00:39]} O-O {[%clk 0:00:56]} 18. Rab1
{[%clk 0:00:36]} b5 {[%clk 0:00:38]} 19. Rfe1 {[%clk 0:00:35]} Rfe8
{[%clk 0:00:39]} 20. Nd2 {[%clk 0:00:31]} cxb3 {[%clk 0:00:24]} 21. axb3
{[%clk 0:00:32]} c5 {[%clk 0:00:24]} 22. dxc5 {[%clk 0:00:28]} Qxc5
{[%clk 0:00:25]} 23. b4 {[%clk 0:00:30]} Qc6 {[%clk 0:00:24]} 24. Nb3
{[%clk 0:00:29]} Bd5 {[%clk 0:00:22]} 25. Nd4 {[%clk 0:00:28]} Qb7
{[%clk 0:00:24]} 26. Kh2 {[%clk 0:00:24]} Kg7 {[%clk 0:00:23]} 27. Nf4
{[%clk 0:00:23]} Bxf4 {[%clk 0:00:21]} 28. exf4 {[%clk 0:00:22]} Be4
{[%clk 0:00:22]} 29. Qa2 {[%clk 0:00:15]} Bxb1 {[%clk 0:00:22]} 30. Rxb1
{[%clk 0:00:14]} a6 {[%clk 0:00:14]} 31. Ne6+ {[%clk 0:00:14]} Kh6
{[%clk 0:00:12]} 32. Rd1 {[%clk 0:00:15]} Qf7 {[%clk 0:00:09]} 33. Rd6
{[%clk 0:00:13]} Re7 {[%clk 0:00:09]} 34. Qd5 {[%clk 0:00:04]} Rae8
{[%clk 0:00:10]} 35. Nc5 {[%clk 0:00:03]} Qxd5 {[%clk 0:00:10]} 36. Rxd5
{[%clk 0:00:04]} Re2 {[%clk 0:00:11]} 37. Kg2 {[%clk 0:00:05]} Rc2
{[%clk 0:00:11]} 38. Rd6 {[%clk 0:00:05]} Ree2 {[%clk 0:00:12]} 39. Nd3
{[%clk 0:00:06]} Red2 {[%clk 0:00:13]} 40. Kf3 {[%clk 0:00:07]} Rxc3
{[%clk 0:00:13]} 41. Ke3 {[%clk 0:00:08]} Ra2 {[%clk 0:00:09]} 42. Rxf6
{[%clk 0:00:07]} a5 {[%clk 0:00:10]} 43. bxa5 {[%clk 0:00:08]} Rxa5
{[%clk 0:00:10]} 44. Kd4 {[%clk 0:00:08]} Rc4+ {[%clk 0:00:11]} 45. Kd5
{[%clk 0:00:09]} Rca4 {[%clk 0:00:08]} 46. Ne5 {[%clk 0:00:08]} Ra6
{[%clk 0:00:07]} 47. Rf7 {[%clk 0:00:08]} b4 {[%clk 0:00:06]} 48. Nd7
{[%clk 0:00:08]} R4a5+ {[%clk 0:00:05]} 49. Kc4 {[%clk 0:00:10]} b3
{[%clk 0:00:03]} 50. Nf8 {[%clk 0:00:10]} Ra7 {[%clk 0:00:04]} 51. Rf6
{[%clk 0:00:05]} Kg7 {[%clk 0:00:04]} 52. Rxg6+ {[%clk 0:00:06]} Kxf8
{[%clk 0:00:06]} 53. Kxb3 {[%clk 0:00:07]} Rc5 {[%clk 0:00:06]} 54. Rh6
{[%clk 0:00:07]} Rb7+ {[%clk 0:00:07]} 55. Ka4 {[%clk 0:00:09]} Rc1
{[%clk 0:00:08]} 0-1

[Event "Blitz 2018"]
[Site "Saint-Petersburg"]
[Date "2018.12.29"]
[Round "3"]
[Board "46"]
[White "Anikonov Dmitry (RUS)"]
[Black "Matlakov Maxim (RUS)"]
[Result "0-1"]
[LiveChessVersion "1.4.8"]
[BlackElo "2653"]
[WhiteElo "2511"]

1. d4 {[%clk 0:03:03]} Nf6 {[%clk 0:03:03]} 2. c4 {[%clk 0:03:04]} e6
{[%clk 0:03:04]} 3. Nc3 {[%clk 0:03:06]} Bb4 {[%clk 0:03:05]} 4. Qc2
{[%clk 0:03:07]} d5 {[%clk 0:03:02]} 5. Nf3 {[%clk 0:03:05]} dxc4
{[%clk 0:02:58]} 6. Bg5 {[%clk 0:02:50]} b5 {[%clk 0:02:52]} 7. e4
{[%clk 0:02:44]} Bb7 {[%clk 0:02:50]} 8. e5 {[%clk 0:02:40]} Bxf3
{[%clk 0:02:29]} 9. gxf3 {[%clk 0:02:21]} h6 {[%clk 0:02:30]} 10. exf6
{[%clk 0:02:09]} hxg5 {[%clk 0:02:31]} 11. fxg7 {[%clk 0:02:10]} Rg8
{[%clk 0:02:32]} 12. O-O-O {[%clk 0:01:57]} Bxc3 {[%clk 0:02:16]} 13. bxc3
{[%clk 0:01:37]} Rxg7 {[%clk 0:02:11]} 14. d5 {[%clk 0:01:32]} exd5
{[%clk 0:02:08]} 15. Qf5 {[%clk 0:01:14]} c6 {[%clk 0:02:05]} 16. Bh3
{[%clk 0:01:14]} Kf8 {[%clk 0:01:56]} 17. f4 {[%clk 0:00:49]} Na6
{[%clk 0:01:57]} 18. Rhg1 {[%clk 0:00:47]} Qa5 {[%clk 0:01:50]} 19. Qc2
{[%clk 0:00:44]} b4 {[%clk 0:01:46]} 20. Rxg5 {[%clk 0:00:36]} Qa3+
{[%clk 0:01:41]} 21. Kd2 {[%clk 0:00:34]} d4 {[%clk 0:01:29]} 22. Rxg7
{[%clk 0:00:28]} Qxc3+ {[%clk 0:01:30]} 23. Qxc3 {[%clk 0:00:30]} dxc3+
{[%clk 0:01:26]} 24. Kc2 {[%clk 0:00:31]} Kxg7 {[%clk 0:01:26]} 25. Rd4
{[%clk 0:00:19]} Rh8 {[%clk 0:01:18]} 26. Bf1 {[%clk 0:00:20]} Rxh2
{[%clk 0:01:18]} 27. Bxc4 {[%clk 0:00:21]} Rxf2+ 28. Kc1 Nc5 {[%clk 0:01:11]} 29.
Kd1 {[%clk 0:00:17]} a5 {[%clk 0:01:11]} 0-1

[Event "Blitz 2018"]
[Site "Saint-Petersburg"]
[Date "2018.12.29"]
[Round "3"]
[Board "47"]
[White "Sargissian Gabriel (ARM)"]
[Black "Anisimov Pavel (RUS)"]
[Result "1-0"]
[LiveChessVersion "1.4.8"]
[BlackElo "2519"]
[WhiteElo "2651"]

1. d4 {[%clk 0:03:02]} Nf6 {[%clk 0:03:01]} 2. Nf3 {[%clk 0:03:03]} e6
{[%clk 0:03:02]} 3. c4 {[%clk 0:03:04]} b6 {[%clk 0:03:03]} 4. g3
{[%clk 0:03:05]} Ba6 {[%clk 0:03:04]} 5. b3 {[%clk 0:03:03]} Bb4+
{[%clk 0:03:04]} 6. Bd2 {[%clk 0:03:04]} Be7 {[%clk 0:03:04]} 7. Nc3
{[%clk 0:03:00]} d5 {[%clk 0:03:02]} 8. cxd5 {[%clk 0:02:57]} exd5
{[%clk 0:03:03]} 9. Bg2 {[%clk 0:02:57]} O-O {[%clk 0:03:03]} 10. O-O
{[%clk 0:02:57]} Bb7 {[%clk 0:03:04]} 11. Bg5 {[%clk 0:02:57]} Nbd7
{[%clk 0:02:59]} 12. Ne5 {[%clk 0:02:50]} c6 {[%clk 0:02:49]} 13. Nxd7
{[%clk 0:02:39]} Qxd7 {[%clk 0:02:45]} 14. e3 {[%clk 0:02:36]} Ne8
{[%clk 0:02:22]} 15. Bxe7 {[%clk 0:02:35]} Qxe7 {[%clk 0:02:24]} 16. Rc1
{[%clk 0:02:34]} Nd6 {[%clk 0:02:22]} 17. Re1 {[%clk 0:02:29]} Rac8
{[%clk 0:02:17]} 18. Ne2 {[%clk 0:02:29]} Rfe8 {[%clk 0:02:11]} 19. Nf4
{[%clk 0:02:29]} Ne4 {[%clk 0:02:04]} 20. Qc2 {[%clk 0:02:15]} Qd6
{[%clk 0:01:55]} 21. Qb2 {[%clk 0:02:15]} Ba6 {[%clk 0:01:43]} 22. a3
{[%clk 0:02:13]} Re7 {[%clk 0:01:12]} 23. Rc2 {[%clk 0:02:05]} Bb7
{[%clk 0:01:08]} 24. Nd3 {[%clk 0:01:58]} f6 {[%clk 0:01:07]} 25. Rec1
{[%clk 0:01:55]} a5 {[%clk 0:01:04]} 26. Nf4 {[%clk 0:01:40]} Rce8
{[%clk 0:00:59]} 27. b4 {[%clk 0:01:36]} axb4 {[%clk 0:00:56]} 28. axb4
{[%clk 0:01:30]} b5 {[%clk 0:00:37]} 29. Nd3 {[%clk 0:01:30]} Ra8
{[%clk 0:00:31]} 30. Ra1 {[%clk 0:01:19]} Ree8 {[%clk 0:00:30]} 31. Rcc1
{[%clk 0:01:18]} Rxa1 {[%clk 0:00:29]} 32. Rxa1 {[%clk 0:01:19]} Qc7
{[%clk 0:00:21]} 33. Bxe4 {[%clk 0:01:12]} dxe4 {[%clk 0:00:20]} 34. Nc5
{[%clk 0:01:14]} Bc8 {[%clk 0:00:18]} 35. Ra8 {[%clk 0:01:14]} f5
{[%clk 0:00:12]} 36. Qa1 {[%clk 0:00:59]} Qf7 {[%clk 0:00:08]} 37. Rb8
{[%clk 0:00:50]} Qc4 {[%clk 0:00:07]} 38. Qb2 {[%clk 0:00:38]} h5
{[%clk 0:00:05]} 39. h4 {[%clk 0:00:37]} Kh7 {[%clk 0:00:07]} 40. Ra8
{[%clk 0:00:28]} Rg8 {[%clk 0:00:08]} 41. Qb3 {[%clk 0:00:24]} Qc1+
{[%clk 0:00:07]} 42. Kg2 {[%clk 0:00:23]} Qe1 {[%clk 0:00:06]} 43. Qb2
{[%clk 0:00:17]} Qd1 {[%clk 0:00:06]} 44. Ra1 {[%clk 0:00:15]} Qf3+
{[%clk 0:00:06]} 45. Kg1 {[%clk 0:00:16]} g5 {[%clk 0:00:07]} 46. Ra7+
{[%clk 0:00:14]} Kh6 {[%clk 0:00:08]} 47. d5 {[%clk 0:00:15]} gxh4
{[%clk 0:00:07]} 48. Qf6+ {[%clk 0:00:15]} Rg6 {[%clk 0:00:09]} 49. Qh8+
{[%clk 0:00:13]} Kg5 {[%clk 0:00:10]} 50. Qd8+ {[%clk 0:00:14]} Kh6
{[%clk 0:00:09]} 51. Qh8+ {[%clk 0:00:12]} Kg5 {[%clk 0:00:10]} 52. Qd8+
{[%clk 0:00:13]} Kh6 {[%clk 0:00:09]} 53. Qf8+ {[%clk 0:00:13]} Kg5
{[%clk 0:00:10]} 54. Qe7+ {[%clk 0:00:14]} Kh6 {[%clk 0:00:11]} 55. Qxh4
{[%clk 0:00:11]} Qd1+ {[%clk 0:00:09]} 56. Kh2 {[%clk 0:00:11]} Qe2
{[%clk 0:00:09]} 57. Qf4+ {[%clk 0:00:11]} Rg5 {[%clk 0:00:11]} 58. Rc7
{[%clk 0:00:09]} h4 59. gxh4 {[%clk 0:00:09]} Qc4 1-0

[Event "Blitz 2018"]
[Site "Saint-Petersburg"]
[Date "2018.12.29"]
[Round "3"]
[Board "48"]
[White "Piorun Kacper (POL)"]
[Black "Yilmaz Mustafa (TUR)"]
[Result "0-1"]
[LiveChessVersion "1.4.8"]
[BlackElo "2515"]
[WhiteElo "2646"]

1. e4 {[%clk 0:03:03]} c5 {[%clk 0:03:03]} 2. Nc3 {[%clk 0:03:04]} e6
{[%clk 0:03:03]} 3. Nf3 {[%clk 0:03:00]} Nc6 {[%clk 0:03:05]} 4. d4
{[%clk 0:03:02]} cxd4 {[%clk 0:03:06]} 5. Nxd4 {[%clk 0:03:03]} Qc7
{[%clk 0:03:07]} 6. g3 {[%clk 0:03:04]} a6 {[%clk 0:03:08]} 7. Bg2
{[%clk 0:03:04]} Nf6 {[%clk 0:03:08]} 8. O-O {[%clk 0:03:04]} h5 {[%clk 0:03:09]}
9. Nxc6 {[%clk 0:02:52]} dxc6 {[%clk 0:03:05]} 10. e5 {[%clk 0:02:52]} Qxe5
{[%clk 0:03:05]} 11. Bf4 {[%clk 0:02:52]} Qa5 {[%clk 0:03:01]} 12. Re1
{[%clk 0:02:50]} Be7 {[%clk 0:02:45]} 13. Re5 {[%clk 0:02:39]} Qb6
{[%clk 0:02:09]} 14. Na4 {[%clk 0:02:14]} Qd8 {[%clk 0:02:09]} 15. Qe2
{[%clk 0:01:57]} Nd5 {[%clk 0:02:09]} 16. Rd1 {[%clk 0:01:48]} Bd7
{[%clk 0:01:44]} 17. Bc1 {[%clk 0:01:16]} b5 {[%clk 0:00:34]} 18. c4
{[%clk 0:01:10]} bxa4 {[%clk 0:00:31]} 19. cxd5 {[%clk 0:01:11]} cxd5
{[%clk 0:00:31]} 20. Rxh5 Rxh5 {[%clk 0:00:31]} 21. Qxh5 {[%clk 0:00:39]} Qb6
{[%clk 0:00:19]} 22. Be3 {[%clk 0:00:31]} Qb4 {[%clk 0:00:12]} 23. a3
{[%clk 0:00:18]} Qb3 {[%clk 0:00:08]} 24. Bf3 {[%clk 0:00:09]} Rc8
{[%clk 0:00:08]} 25. Qe5 {[%clk 0:00:05]} Bf6 {[%clk 0:00:09]} 26. Qd6
{[%clk 0:00:06]} Rc6 {[%clk 0:00:09]} 27. Qf4 {[%clk 0:00:05]} Bxb2
{[%clk 0:00:08]} 28. Qh4 {[%clk 0:00:04]} Bf6 {[%clk 0:00:09]} 29. Qh8+
{[%clk 0:00:05]} Ke7 {[%clk 0:00:10]} 30. Re1 {[%clk 0:00:04]} Qxa3
{[%clk 0:00:10]} 31. Bxd5 {[%clk 0:00:04]} Rd6 {[%clk 0:00:10]} 32. Bf3
{[%clk 0:00:04]} Qb4 {[%clk 0:00:10]} 33. Rf1 {[%clk 0:00:04]} a3
{[%clk 0:00:11]} 34. Qa8 {[%clk 0:00:04]} a2 {[%clk 0:00:11]} 35. Qa7
{[%clk 0:00:03]} a1=Q {[%clk 0:00:10]} 36. Rxa1 Bxa1 37. Bc5 {[%clk 0:00:06]} Qd2
{[%clk 0:00:05]} 38. Bc6 {[%clk 0:00:04]} Qd1+ {[%clk 0:00:03]} 39. Kg2 Kf6 40.
Bxd7 {[%clk 0:00:03]} Rxd7 {[%clk 0:00:05]} 41. Qb6 {[%clk 0:00:03]} Qd5+
{[%clk 0:00:06]} 42. Kg1 {[%clk 0:00:04]} Bd4 {[%clk 0:00:07]} 43. Bxd4+
{[%clk 0:00:03]} Qxd4 {[%clk 0:00:08]} 44. Qb8 {[%clk 0:00:04]} Qd1+
{[%clk 0:00:09]} 45. Kg2 {[%clk 0:00:06]} Qd5+ 46. Kg1 Qc6 {[%clk 0:00:09]} 0-1

[Event "Blitz 2018"]
[Site "Saint-Petersburg"]
[Date "2018.12.29"]
[Round "3"]
[Board "49"]
[White "Sokolin Leonid (USA)"]
[Black "Bindrich Falko (GER)"]
[Result "0-1"]
[LiveChessVersion "1.4.8"]
[BlackElo "2639"]
[WhiteElo "2508"]

1. e4 {[%clk 0:03:03]} e5 {[%clk 0:03:03]} 2. Nf3 {[%clk 0:03:04]} Nf6
{[%clk 0:03:03]} 3. Nc3 {[%clk 0:03:04]} Nc6 {[%clk 0:03:04]} 4. Bb5
{[%clk 0:03:06]} Bb4 {[%clk 0:03:05]} 5. O-O {[%clk 0:03:05]} O-O
{[%clk 0:03:06]} 6. d3 {[%clk 0:03:03]} Bxc3 {[%clk 0:03:06]} 7. bxc3
{[%clk 0:03:04]} d6 {[%clk 0:03:07]} 8. h3 {[%clk 0:03:04]} h6 {[%clk 0:03:08]}
9. Bxc6 {[%clk 0:03:03]} bxc6 {[%clk 0:03:09]} 10. Re1 {[%clk 0:03:04]} c5
{[%clk 0:03:10]} 11. c4 {[%clk 0:03:01]} Nh7 {[%clk 0:03:09]} 12. Be3
{[%clk 0:02:51]} f5 {[%clk 0:03:09]} 13. exf5 {[%clk 0:02:52]} Bxf5
{[%clk 0:03:02]} 14. Rb1 {[%clk 0:02:54]} Qd7 {[%clk 0:03:01]} 15. Nd2
{[%clk 0:02:52]} Rf6 {[%clk 0:02:43]} 16. Kh2 {[%clk 0:02:51]} Raf8
{[%clk 0:02:43]} 17. Rb7 {[%clk 0:02:51]} Bxh3 {[%clk 0:02:15]} 18. Ne4
{[%clk 0:02:52]} Rf5 {[%clk 0:01:56]} 19. gxh3 {[%clk 0:02:50]} Rf3
{[%clk 0:01:57]} 20. Ng3 {[%clk 0:02:37]} Qc6 {[%clk 0:01:56]} 21. Ne4
{[%clk 0:01:59]} Qxb7 {[%clk 0:01:55]} 22. Rg1 {[%clk 0:02:00]} Qc8
{[%clk 0:01:53]} 23. Rg3 {[%clk 0:01:46]} Rxg3 {[%clk 0:01:53]} 24. Nxg3
{[%clk 0:01:44]} Qe6 {[%clk 0:01:39]} 25. Qh5 {[%clk 0:01:43]} Nf6
{[%clk 0:01:30]} 26. Qf3 {[%clk 0:01:45]} Nh7 {[%clk 0:01:17]} 27. Qc6
{[%clk 0:01:44]} Ng5 {[%clk 0:01:14]} 28. Bxg5 {[%clk 0:01:43]} hxg5
{[%clk 0:01:13]} 29. Kg2 {[%clk 0:01:44]} g4 {[%clk 0:01:08]} 30. hxg4
{[%clk 0:01:39]} Qxg4 31. Qd5+ Kh8 {[%clk 0:01:07]} 32. Qc6 {[%clk 0:01:33]} Qf4
{[%clk 0:01:08]} 33. Ne4 {[%clk 0:01:34]} Qf3+ {[%clk 0:01:08]} 34. Kf1
{[%clk 0:01:34]} Qf7 {[%clk 0:01:01]} 35. Ke2 {[%clk 0:01:33]} Rb8
{[%clk 0:00:56]} 36. Kd2 {[%clk 0:01:32]} Qf4+ {[%clk 0:00:53]} 37. Kc3
{[%clk 0:01:33]} Qc1 {[%clk 0:00:48]} 38. Qxc7 {[%clk 0:01:29]} Qe1+
{[%clk 0:00:48]} 39. Nd2 {[%clk 0:01:30]} Qa1# {[%clk 0:00:49]} 0-1

[Event "Blitz 2018"]
[Site "Saint-Petersburg"]
[Date "2018.12.29"]
[Round "3"]
[Board "50"]
[White "Anton Guijarro David (ESP)"]
[Black "Zubritskiy Artyom (RUS)"]
[Result "1/2-1/2"]
[LiveChessVersion "1.4.8"]
[BlackElo "2513"]
[WhiteElo "2631"]

1. Nf3 {[%clk 0:03:02]} Nf6 {[%clk 0:03:03]} 2. b3 {[%clk 0:03:03]} c5
{[%clk 0:02:53]} 3. Bb2 {[%clk 0:03:03]} Nc6 {[%clk 0:02:54]} 4. e3
{[%clk 0:03:03]} d5 {[%clk 0:02:50]} 5. Bb5 {[%clk 0:03:03]} Qb6 {[%clk 0:02:43]}
6. a4 {[%clk 0:02:58]} a6 {[%clk 0:02:28]} 7. a5 {[%clk 0:02:53]} Qc7
{[%clk 0:01:56]} 8. Bxc6+ {[%clk 0:02:53]} Qxc6 {[%clk 0:01:54]} 9. O-O
{[%clk 0:02:52]} Bg4 {[%clk 0:01:34]} 10. h3 {[%clk 0:02:53]} Bh5
{[%clk 0:01:35]} 11. d3 {[%clk 0:02:46]} e6 {[%clk 0:01:35]} 12. g4
{[%clk 0:02:43]} Bg6 {[%clk 0:01:36]} 13. Ne5 {[%clk 0:02:43]} Qc7
{[%clk 0:01:36]} 14. f4 {[%clk 0:02:39]} Bd6 {[%clk 0:01:35]} 15. Nd2
{[%clk 0:02:36]} O-O-O {[%clk 0:01:22]} 16. b4 {[%clk 0:02:19]} cxb4
{[%clk 0:00:59]} 17. Bd4 {[%clk 0:02:20]} Nd7 {[%clk 0:00:49]} 18. Nxd7
{[%clk 0:01:49]} Qxd7 {[%clk 0:00:50]} 19. Bxg7 {[%clk 0:01:47]} Rhg8
{[%clk 0:00:52]} 20. Bf6 {[%clk 0:01:45]} Rde8 {[%clk 0:00:52]} 21. Nf3
{[%clk 0:01:39]} h5 {[%clk 0:00:47]} 22. g5 {[%clk 0:01:40]} e5 {[%clk 0:00:16]}
23. Nxe5 {[%clk 0:01:40]} Qxh3 {[%clk 0:00:11]} 24. Qf3 {[%clk 0:01:39]} Qxf3
{[%clk 0:00:06]} 25. Rxf3 {[%clk 0:01:35]} Re6 {[%clk 0:00:04]} 26. Kf2
{[%clk 0:01:26]} Bxe5 {[%clk 0:00:04]} 27. fxe5 {[%clk 0:01:24]} Rc6
{[%clk 0:00:06]} 28. Ra2 {[%clk 0:01:22]} Kd7 {[%clk 0:00:06]} 29. Rb2
{[%clk 0:01:13]} Rgc8 {[%clk 0:00:06]} 30. Rxb4 {[%clk 0:01:12]} Rxc2+
{[%clk 0:00:08]} 31. Kg3 {[%clk 0:01:13]} Bxd3 {[%clk 0:00:05]} 32. Rxb7+
{[%clk 0:01:11]} R8c7 {[%clk 0:00:07]} 33. e6+ {[%clk 0:01:03]} Kxe6
{[%clk 0:00:07]} 34. Rb6+ {[%clk 0:01:01]} R7c6 {[%clk 0:00:06]} 35. Bd4
{[%clk 0:00:55]} Be4 {[%clk 0:00:03]} 36. Rf6+ {[%clk 0:00:54]} Kd7
{[%clk 0:00:04]} 37. Rxf7+ {[%clk 0:00:49]} Ke6 {[%clk 0:00:05]} 38. Rf6+ Kd7 39.
Rxa6 {[%clk 0:00:35]} Rg2+ {[%clk 0:00:05]} 40. Kf4 {[%clk 0:00:34]} Rg4+
{[%clk 0:00:04]} 41. Ke5 {[%clk 0:00:35]} Rxg5+ {[%clk 0:00:05]} 42. Kf4
{[%clk 0:00:36]} Rg4+ {[%clk 0:00:07]} 43. Ke5 {[%clk 0:00:37]} Rg5+
{[%clk 0:00:06]} 44. Kf4 {[%clk 0:00:38]} Rg4+ {[%clk 0:00:05]} 45. Ke5
{[%clk 0:00:40]} Rg5+ {[%clk 0:00:05]} 46. Kxe4 1/2-1/2